000 00601cam a22002054a 4500
005 20250605164020.0
008 250528s ||||||||||||||||||||||||d
035 _a16323
020 _a1855854163
040 _aGR-AtMCL
_bgre
_dGR-AtMCL
_eAACR2
245 1 _aThe Cover Art of Blue Note Records / Volume 2
260 _bCollins & Brown,
_c1997
300 _a112
520 _aForeword by Ruth Lion, Miles Ahead, Home Cookin', Coll Struttin, Cover Story, The Covers.
700 1 _aCallingham Glyn
_92402
700 1 _aMarsh Graham
_92403
942 _cBK
999 _c1835
_d1835